Loading...
Religion | 0 | 3 | 0 | 0 | 30 | 55 | 85.00 | 1 | 1 |
Pop Culture | 0 | 2 | 0 | 0 | 20 | 27 | 54.00 | 0 | 0 |
Literature - European Literature | 0 | 2 | 0 | 0 | 20 | 86 | 98.00 | 0 | 1 |
Social Science | 0 | 1 | 0 | 1 | 10 | 105 | 105.00 | 0 | 0 |
Fine Arts - Other Fine Arts | 0 | 1 | 0 | 0 | 10 | 72 | 72.00 | 0 | 1 |
History - World History | 0 | 1 | 0 | 0 | 10 | 86 | 86.00 | 0 | 0 |
Science - Biology | 0 | 1 | 0 | 1 | 10 | 100 | 100.00 | 0 | 0 |
Science - Chemistry | 0 | 1 | 0 | 1 | 10 | 108 | 108.00 | 0 | 0 |
Science - Physics | 0 | 1 | 0 | 0 | 10 | 64 | 64.00 | 1 | 1 |
Fine Arts - Classical Music | 0 | 1 | 0 | 0 | 10 | 99 | 99.00 | 0 | 0 |
Geography | 0 | 1 | 1 | 1 | 5 | 105 | 105.00 | 0 | 0 |
Literature - British Literature | 0 | 1 | 1 | 0 | 5 | 105 | 105.00 | 0 | 0 |
History - American History | 0 | 1 | 1 | 1 | 5 | 94 | 94.00 | 0 | 0 |
Painting/Sculpture | 0 | 0 | 0 | 0 | 0 | 0.00 | 0 | 0 | |
History - European History | 0 | 0 | 1 | 0 | -5 | 0.00 | 0 | 0 |